| 000 | 00512nam a2200193 a 4500 | ||
|---|---|---|---|
| 005 | 20240803063801.0 | ||
| 008 | 090629s2006 es r 000 0 spa d | ||
| 020 | _a8421692143 | ||
| 035 | _aUPN01000171511 | ||
| 049 | _aCG | ||
| 050 | 4 |
_aPQ6654 E4.2 _bN6.3 |
|
| 100 | 1 |
_aDelam Lagarde, Heinz, _d1950- |
|
| 245 | 1 | 3 |
_aLa noche de las hienas / _cHeinz Delam. |
| 260 |
_aMadrid : _bBruño, _c2006. |
||
| 300 | _a192 p. | ||
| 440 | 0 |
_aParalelo cero ; _v50 |
|
| 650 | 4 |
_aNovela española _910814 |
|
| 905 | _aLibro | ||
| 999 |
_c143616 _d143616 |
||